Statistics for Pokémon Anime Protagonists

Click here to take the quiz!

General Stats

  • This quiz has been taken 37 times
  • The average score is 16 of 19

Answer Stats

BioNotable PokémonAnswer% Correct
10-Year-Old Boy From Pallet Town Who Dreams
Of Becoming A Pokémon Master
Pikachu, Charizard, GreninjaAsh
100%
Former Pewter City Gym Leader Who Wanted To
Be A Pokémon Breeder Before Deciding To Be A
Pokémon Doctor
Steelix, Ludicolo, CroagunkBrock
100%
Girl From The Sinnoh Region Who Dreams Of Becoming
A Top Pokémon Coordinator Like Her Mother
Piplup, Buneary, MamoswineDawn
100%
Little Know-It-All Brother Of ^N/AMax
100%
Aspiring Water-Type Trainer And The Gym Leader
Of The Cerulean City Gym
Goldeen, Psyduck, StarmieMisty
100%
Girl From The Village Of Dragons Who Dreams Of Being
A Dragon Master
Axew, Emolga, DragoniteIris
96%
Girl From Petalburg City Who Desires To Become
A Top Pokémon Coordinator
Blaziken, Beautifly, SkittyMay
96%
Girl That Has A Massive Crush On Ash And Who Dreams Of
Being Kalos Queen
Braixen, Pancham, SylveonSerena
96%
Little Sister Of ^Dedenne, SquishyBonnie
88%
Pokémon Watcher And Professor Oak's AssistantScyther, Marill, VenonatTracey
88%
Comedic Connoisseur Of Pokémon, Trains, Detectives,
And Pretty Much Everything Else
Pansage, Crustle, StunfiskCilan
83%
Genius Inventor And The Gym Leader Of The Lumiose
City Gym
Bunnelby, Chespin, LuxrayClemont
79%
Boy Who Wants To Catch Every Pokémon (Including Mew)Cinderace, Inteleon, GrookeyGoh
79%
Student At The Pokémon School Who Wants To Be Akala
Island’s Next Kahuna
Turtonator, Charizard, MarowakKiawe
75%
Student At The Pokémon School Who Is An Expert FisherPrimarina, Sandy The EeveeLana
75%
Student At The Pokémon School Who Wants To Make Her
Family’s Restaurant The Best In The World
TsareenaMallow
75%
Student At The Pokémon School Who Had A Phobia Of
Touching Pokémon
Snowy The VulpixLillie
71%
Childhood Best Friend Of ^ And The Daughter Of Professor
Cerise
EeveeChloe
67%
Student At The Pokémon School Who Loves To Invent
Things
Togedemaru, VikavoltSophocles
67%

Score Distribution

Percentile by Number Answered

Percent of People with Each Score

Your Score History

You have not taken this quiz